|
003 -Nazwa inst., której nr kontr. jest w polu 001 [,]
|
-
- @
- Nazwa instytucji, której n kontrolny jest w polu 001
- NUKAT
|
|
005 -DATA I CZAS OSTATNIEJ MODYFIKACJI [,]
|
-
- @
- pole kontrolne
- 20241231095240.0
|
|
020 -Międzynarod. znormalizowany nr książki - ISBN [ , ]
|
-
- a
- Numer ISBN
- 9788391287101
-
- q
- Dopowiedzenie
- oprawa miękka
|
|
040 -Instytucja sporządzająca opis [ , ]
|
-
- a
- Instytucja, która sporządziła opis (NP)
- KIEL 008/JK
-
- c
- Instytucja, która sporządziła rekord (NP)
- KIEL 008/JK
-
- d
- Instytucja, która zmodyfikowała rekord (P)
- KIEL 008/JK
-
- d
- Instytucja, która zmodyfikowała rekord (P)
- KR U/42MM
-
- d
- Instytucja, która zmodyfikowała rekord (P)
- KR U/42JCs
-
- d
- Instytucja, która zmodyfikowała rekord (P)
- KAT U/KWs
|
|
942 -Rodzaj dokumentu [ , ]
|
-
- c
- Rodzaj dokumentu
- Książka
|
|
300 -Strefa opisu fizycznego [ , ]
|
-
- a
- Określenie formy książki i/lub objętość (NP)
- 235 s. :
-
- b
- Oznaczenie ilustracji (NP)
- il. ;
-
|
|
336 -Typ zawartości [ , ]
|
-
- a
- Termin opisujący typ zawartości
- Tekst
-
- b
- Kod określający zawartość
- txt
-
- 2
- Źródło (terminu i kodu)
- rdacontent
|
|
337 -Typ mediów [ , ]
|
-
- a
- Tryb odtwarzania
- Bez urządzenia pośredniczącego
-
-
- 2
- Źródło (terminu i kodu)
- rdamedia
|
|
338 -Typ/rodzaj nośnika [ , ]
|
-
- a
- Hasło opisujące typ nośnika
- Wolumin
-
-
- 2
- Źródło (terminu i kodu)
- rdacarrier
|
|
380 -Deskryptor - Forma dzieła (P) [ , ]
|
-
- a
- forma dzieła (NP)
- Książki
|
|
380 -Deskryptor - Forma dzieła (P) [ , ]
|
-
- a
- forma dzieła (NP)
- Publikacje naukowe
|
|
380 -Deskryptor - Forma dzieła (P) [ , ]
|
-
- a
- forma dzieła (NP)
- Publikacje dydaktyczne
|
|
388 -Deskryptor - czas powstania dzieła (P) [1, ]
|
-
- a
- Czas powstania dzieła (NP)
- 2001-
|
|
080 -Uniwersalna Klasyfikacja Dziesiętna [ , ]
|
-
- 2
- Identyfikator wydania tablic
- UDC-P058
-
-
- a
- Symbol klasyfikacji
- 316
-
- b
- Dopowiedzenie
- Socjologia.
-
-
- x
- Poddział wspólny
- (075.8)
-
- c
- Dopowiedzenie poddz. wspólnego
- (Podręczniki dla szkół wyższych. Skrypty).
|
|
080 -Uniwersalna Klasyfikacja Dziesiętna [ , ]
|
-
- 2
- Identyfikator wydania tablic
- UDC-P058
-
-
- a
- Symbol klasyfikacji
- 311
-
- b
- Dopowiedzenie
- Statystyka jako nauka. Teoria statystyki. Metody statystyczne.
-
-
- x
- Poddział wspólny
- (075.8)
-
- c
- Dopowiedzenie poddz. wspólnego
- (Podręczniki dla szkół wyższych. Skrypty).
|
|
080 -Uniwersalna Klasyfikacja Dziesiętna [ , ]
|
-
- 2
- Identyfikator wydania tablic
- UDC-P058
-
-
- a
- Symbol klasyfikacji
- 519.2
-
- b
- Dopowiedzenie
- Rachunek prawdopodobieństwa. Statystyka matematyczna. Analiza statystyczna. Teoria estymacji. Rachunek wyrównawczy. Teoria błędów.
-
-
- x
- Poddział wspólny
- (075.8)
-
- c
- Dopowiedzenie poddz. wspólnego
- (Podręczniki dla szkół wyższych. Skrypty).
|
|
650 -Hasło przedmiotowe [ ,7]
|
-
- a
- Hasło przedmiotowe
- Socjologia
-
- x
- Określnik rzeczowy
- metody statystyczne
-
- v
- Określnik formalny
- podręczniki akademickie.
-
-
|
|
650 -Hasło przedmiotowe [ ,7]
|
-
- a
- Hasło przedmiotowe
- Badania naukowe
-
-
|
|
650 -Hasło przedmiotowe [ ,7]
|
-
- a
- Hasło przedmiotowe
- Statystyka
-
-
|
|
650 -Hasło przedmiotowe [ ,7]
|
-
- a
- Hasło przedmiotowe
- Socjologia
-
-
|
|
655 -Hasło w funkcji tematu formalnego [ ,7]
|
-
-
-
|
|
658 -Ujęcie treści [ , ]
|
-
- a
- dziedzina nauki i sztuki/ sfera aktywności życiowej
- Matematyka
|
|
658 -Ujęcie treści [ , ]
|
-
- a
- dziedzina nauki i sztuki/ sfera aktywności życiowej
- Socjologia i społeczeństwo
|
|
980 -Symbol UKD [ , ]
|
-
- a
- UKD
- 316:311.519.2](075.8)
|